000 02651nam a22002417a 4500
003 Uzh_bibl
008 260423b |||||||| |||| 00| 0 ukr d
020 _a978-966-8978-50-0
_c68.00
040 _bукр.
041 _2ukr
_aukr
080 _a94(477)
090 _a94(477)
_bГ 85
100 _aГрицак,Ярослав
245 _aСтрасті за націоналізмом
_hТекст
260 _aКиїв
_bКритика
_c2011
300 _a352 с.
520 _aКнижка львівського історика професора Ярослава Грицака продовжує, наслідує та доповнює збірник 2004 року «Страсті за націоналізмом», але є не так його оновленою й істотно зміненою версією, як радше цілком новим виданням: понад половину вміщених тут есеїв написано протягом семи пореволюційних років і присвячено здебільшого «післяпомаранчевим» реаліям, а решту текстів суттєво переглянуто та перередаґовано. Втім, автор і далі закликає до парадигмальної зміни в поглядах на природу націоналізму та, попри драматичні колізії останнього часу, не вважає за доцільне змінювати головний висновок, якого дійшов 2004 року: і тоді, і нині Україна має саме стільки націоналізму, скільки потрібно, щоб утримувати відносну політичну стабільність і будувати демократію, а досвід Помаранчевої революції та її поразки тільки увиразнив те, що вагу національного чинника в публічному дискурсі неабияк перебільшено, адже проблеми українського суспільства пов’язано не так із ідентичностями, як із цінностями, які сповідують еліти та громадяни. Джерело: https://nashformat.ua/products/strasti-za-natsionalizmom-801471
521 _aДля широкого кола читачів
546 _aукр.
650 _aНауково-популярне видання
655 _vЕсеї
942 _2udc
_cBK
999 _c17501
_d17501